000 00647nam a22002413 4500
999 _c8795
_d8795
001 8795
003 BD-JhCC
005 20180304093749.0
008 970522m19619999enk 000 0 eng d
035 _a(BD-JhCC)8795
040 _aEQO
_cEQO
_dBD-JhCC
041 _aeng
082 _a425
_bYGL 1961
100 1 _aYglesias, J. R. C.
_q(John Roy Charles),
_d1914-
245 1 0 _aPleasure in English /
_c[by] J.R.C. Yglesias and G.F. Hughes [and others].
260 _aLondon [&c.],
_c1961-
300 _a168 p. :
_c18 cm.
500 _a[Var. ed.]
650 _aEnglish Language
700 1 _aHughes, G. F.
942 _2ddc
_cBK